000 01080cam a22003137a 4500
003 CHAP
005 20220329142250.0
008 000410d1980 mx r 00110 spa d
010 _a80775
011 _a81747
035 _a92224
040 _cCHAP
090 _aFolleto 15590
100 0 0 _aClaverán Alonso, Ramón.
_923715
245 1 3 _aLa preparación y el uso de las diapositivas para ilustrar las conferencias científicas
_c/por Ramón Claverán Alonso
260 _aMéxico, D.F. :
_bInstituto Nacional de Investigaciones Agrícolas,
_c1980.
300 _a16 p. :
_bgráfs. ; cuadros
590 _aBATCH-UPD
_b10
_c20130110
_lUCH01
_h0315
590 _aBATCH-UPD
_b10
_c20130110
_lUCH01
_h1923
590 _aBATCH-UPD
_b10
_c20130409
_lUCH01
_h2348
590 _aBATCH-UPD
_b10
_c20130914
_lUCH01
_h0947
590 _aCONVERSION
_b10
_c20130109
_lUCH01
_h1345
650 1 4 _aConferencias y reuniones.
_926637
650 1 4 _aDiapositivas.
_932422
901 _aBK
905 _aAlejandra Carrasco M.
942 _cFOLL
949 _aFolleto15590
_bBC
_cFOLL
_d922241
_eTS1
_i92224
_sb
999 _c80775
_d80775